000 00791nam a2200217 u 4500
005 20220628115606.0
008 091022s2004 mx r 000 0 spa d
020 _a9685720266
035 _aUPN01000173401
049 _aCG
050 4 _aHN110.5
_bS8.3
245 0 0 _aSujetos, víctimas y territorios de la violencia en América Latina /
_cPablo Tasso ... [et al.] ; coord. Raquel Sosa Elízaga.
260 _aMéxico :
_bUniversidad de la Ciudad de México,
_c2004.
300 _a196 p. :
_bgráfs., cuadros
440 0 _aPensamiento propio
650 4 _aVIOLENCIA POLITICA -
_zAMERICA LATINA
_914827
650 2 _aViolencia
_zAmérica Latina
_xAspectos sociales
_914824
700 1 _aTasso, Pablo,
_ecoaut.
700 1 _aSosa Elízaga, Raquel de la Luz,
_ecoord.
_930981
905 _aLibro
999 _c145505
_d145505